| 000 | 00464nam a22001817a 4500 | ||
|---|---|---|---|
| 005 | 20260121101633.0 | ||
| 008 | 260121b |||||||| |||| 00| 0 eng d | ||
| 037 | _cDSWL | ||
| 040 |
_aDSWL _cDSWL |
||
| 041 | _heng | ||
| 100 |
_aRoy, Haimanti _9940545 |
||
| 245 | _aPartition of India | ||
| 260 |
_aNew Delhi, _bOUP, _c2018 |
||
| 300 | _a179p | ||
| 365 |
_aINR _b325 |
||
| 942 |
_2CC _cTEXL _n0 |
||
| 999 |
_c1532279 _d1532279 |
||